| 000 -CABECERA |
| Longitud fija campo de control |
00497nam a2200145 a 4500 |
| 001 - NÚMERO DE CONTROL |
| Número de control |
1587 |
| 003 - IDENTIFICADOR DEL NÚMERO DE CONTROL |
| Identificador del número de control |
CDMR |
| 005 - FECHA Y HORA DE LA ÚLTIMA TRANSACCIÓN |
| Fecha y hora de la última transacción |
20130403103459.0 |
| 008 - CÓDIGOS DE INFORMACIÓN DE LONGITUD FIJA |
| Códigos de información de longitud fija |
130130s1984||||||||||||||||||||||||||||d |
| 040 ## - FUENTE DE LA CATALOGACIÓN |
| Centro catalogador de origen |
CDMR |
| Lengua de catalogación |
cat |
| Centro transcriptor |
CDMR |
| 111 2# - PUNTO DE ACCESO PRINCIPAL-NOMBRE DE CONGRESO |
| Nombre de congreso o jurisdicción como elemento de entrada |
Jornadas sobre Televisión Autonómica |
| Sede del congreso |
Zaragoza |
| Fecha del congreso |
1984 |
| Número del congreso o número de parte o sección de la obra |
1es |
| 9 (RLIN) |
1192 |
| 245 10 - MENCIÓN DE TÍTULO |
| Título |
I Jornadas sobre televisión autonómica |
| Resto del título |
: celebradas en Zaragoza durante los días 2, 3 y 4 de Mayo de 1984 |
| 260 ## - PUBLICACIÓN, DISTRIBUCIÓN, ETC. (PIE DE IMPRENTA) |
| Lugar de publicación, distribución, etc. |
Zaragoza |
| Fecha de publicación, distribución, etc. |
1984 |
| Nombre del editor, distribuidor, etc. |
Diputación General de Aragón |
| 942 ## - ENTRADA DE ELEMENTOS AGREGADOS (KOHA) |
| Koha [por defecto] tipo de item |
Monografies |
| Fuente de clasificaión o esquema |
|